Fakty o papieżach - Statystyki

Ogólne statystyki
  • Ten quiz został rozwiązany 1 829 razy
    1 787 od ostatniego zresetowania
  • Średni wynik to 12 z 20
Statystyki odpowiedzi
Pytanie Odpowiedź % Poprawnych
W jakim państwie urodził się Jan Paweł II? Polska
98%
Jakim państwem przewodzi papież? Watykan
96%
W jakim państwie urodziło się najwięcej papieży? Włochy
95%
Jakie miasto całkowicie otacza ten kraj? Rzym
92%
Jak ma na imię obecny papież? Leon XIV
90%
W jakim państwie się urodził? Stanach Zjednoczonych
90%
Kogo uważa się za pierwszego papieża? Święty {Piotr}
90%
Kto został pierwszym „emerytowanym papieżem” w 2013 roku? Benedykt XVI
82%
Jakie jest najczęstsze imię papieży? Jan
82%
Kto strzeże papieża od 1506 roku? Gwardia {szwajcarska}
74%
Jaka jest najwyższa ranga w Kościele katolickim nie licząc papieża? Kardynał
65%
Jak nazywa się pojazd silnikowy używany przez papieża podczas wystąpień publicznych? Papamobil
64%
Który europejski przywódca „porwał” papieża w 1809 r. i przetrzymywał go przez pięć lat? Napoleon Bonaparte
40%
Do jakiej wojny nawoływał papież Urban II w 1095 r.? Pierwsza krucjata
32%
Kto został koronowany na „cesarza Rzymian” przez papieża Leona III w Boże Narodzenie roku 800 n.e.? Karol I Wielki
31%
Które miasto na południu Francji było niegdyś siedzibą papiestwa? Awinion
29%
Jaki dogmat mówi, że papież nie może się mylić, dokonując oficjalną decyzje dotyczącą doktryny Kościoła? O nieomylności papieża
24%
Jak inaczej można nazwać wyrażenie dekret papieski? Bulla
19%
Jaka jest oficjalna rezydencja papieża? Pałac {Apostolski}
18%
Jak nazywa się zgromadzenie, podczas którego wybierany jest papież? Konklawe papieskie
9%
Nie znaleziono quizów pasujących do podanych kryteriów
Rozkład punktacji
Procent ludzi z każdym wynikiem
Percentyl według liczby udzielonych odpowiedzi
Twoja historia wyników
Nie rozwiązałeś tego quizu od ostatniego zresetowania